| 000 | 01889cam a22002535a 4500 | ||
|---|---|---|---|
| 001 | L152696 | ||
| 008 | 110413s2010 xxk f 000 0 eng d | ||
| 020 | _a9780071744461 | ||
| 035 | _a(Sirsi) u152696 | ||
| 041 | 0 | _aeng | |
| 050 | 0 | 4 | _a624.06 |
| 100 | 1 | _aYellamraju, Vijaya | |
| 245 | 0 | 0 |
_aLEED-new construction project management _h[electronic resource] |
| 260 |
_aLondon _bMcGraw-Hill Professionalc2010 |
||
| 300 | _aeBook | ||
| 520 | _aThis GreenSource book explains how to integrate LEED-New Construction (NC) rating system requirements into the building design and construction processes. Project planning, goals, coordination, implementation, and documentation are covered in detail. "LEED-New Construction Project Management" provides a tested framework for taking a project from inception to successful certification and shows you how to master the tools to make the process more efficient. Three in-depth case studies covering new commercial building construction, major renovations, and a portfolio of buildings highlight the strategies presented in the book. "LEED-New Construction Project Management" covers: the LEED rating system and LEED-NC credit categories; the project management process; project definition and goal setting; design phase integration; construction phase implementation; the LEED process: adaptability, applicability, and best practices; future trends; and, credit implementations: sustainable sites; water efficiency; energy and atmosphere; materials and resources; indoor environmental quality; and, innovation in design. | ||
| 590 | _aKA NTK | ||
| 650 | 2 | 4 | _aEBOOK |
| 651 | 4 | _aUnited States 1959- | |
| 651 | 4 |
_aUnited Kingdom _y |
|
| 690 | _aENVIRONMENTAL AND LAND CONSULTANCY-ENERGY-ENERGY USE-ENERGY EFFICIENCY | ||
| 856 | 4 | 0 |
_uhttps://www.vlebooks.com/ _zView on VLEbooks. Logins for members only from [email protected] |
| 942 | _n0 | ||
| 999 |
_c112169 _d112169 |
||